| 000 | 00651cam a22002173a 4500 | ||
|---|---|---|---|
| 001 | 36270 | ||
| 003 | PGUSA | ||
| 005 | 20140828083802.0 | ||
| 008 | 110529s2011||||xxu|||||s|||||000 | eng d | ||
| 040 |
_aPGUSA _beng |
||
| 042 | _adc | ||
| 100 | 1 |
_aAveling, Edward, _d1849-1898 |
|
| 245 | 1 | 4 |
_aThe Gospel of Evolution : _bFrom "The Atheistic Platform", Twelve Lectures _h[electronic resource] / _cEdward Aveling |
| 260 |
_bProject Gutenberg, _c2011 |
||
| 506 | _aPublic domain in the USA. | ||
| 516 | _aElectronic text | ||
| 653 | _aEvolution | ||
| 830 | 0 |
_aProject Gutenberg _v36270 |
|
| 856 | 4 | 0 | _uhttp://www.gutenberg.org/ebooks/36270 |
| 942 | _cEB | ||
| 999 |
_c265525 _d265525 |
||